书目信息 |
| 题名: |
像美国孩子那样说英语
|
|
| 作者: | 刘莉娟 编著 | |
| 分册: | 发音入门 | |
| 出版信息: | 北京 中国纺织出版社 2018.11 |
|
| 页数: | 192页 | |
| 开本: | 24cm | |
| 丛书名: | ||
| 单 册: | ||
| 中图分类: | G612.3 , H311 | |
| 科图分类: | ||
| 主题词: | 英语--ying yu--口语--自学参考资料 , 英语--ying yu--国际音标--自学参考资料 | |
| 电子资源: | ||
| ISBN: | 978-7-5180-4994-3 | |
| 000 | 00951nam0 2200265 450 | |
| 001 | 0104125644 | |
| 005 | 20201104125714.0 | |
| 010 | @a978-7-5180-4994-3@dCNY58.00 | |
| 100 | @a20181129e20192018em y0chiy50 ea | |
| 101 | 0 | @achi@aeng |
| 102 | @aCN@b110000 | |
| 105 | @aa z 000yy | |
| 106 | @ar | |
| 200 | 1 | @a像美国孩子那样说英语@Axiang mei guo hai zi na yang shuo ying yu@i发音入门@f刘莉娟编著 |
| 210 | @a北京@c中国纺织出版社@d2018.11@h2019.09 | |
| 215 | @a192页@c彩图@d24cm | |
| 300 | @a毕昂英语523 | |
| 330 | @a本书旨在通过形式多样的活动帮助儿童学习国际音标,采用传统英标学习法+自然发音学习法。让小朋友轻松记忆,快乐学习,感受真正的“母语”式发音教学,从音标开始有效征服英文。 | |
| 606 | 0 | @a英语@Aying yu@x口语@j自学参考资料 |
| 606 | 0 | @a英语@Aying yu@x国际音标@j自学参考资料 |
| 690 | @aG612.3@v5 | |
| 690 | @aH311@v5 | |
| 701 | 0 | @a刘莉娟@Aliu li juan@4编著 |
| 801 | 0 | @aCN@bBJSZM@c20201104 |
| 905 | @b1261822-5@dG612.3@e1278@f4 | |
| 像美国孩子那样说英语.发音入门/刘莉娟编著.-北京:中国纺织出版社,2018.11(2019.09) |
| 192页:彩图;24cm |
| 毕昂英语523 |
| ISBN 978-7-5180-4994-3:CNY58.00 |
| 本书旨在通过形式多样的活动帮助儿童学习国际音标,采用传统英标学习法+自然发音学习法。让小朋友轻松记忆,快乐学习,感受真正的“母语”式发音教学,从音标开始有效征服英文。 |
| ● |
| 相关链接 |
|
|
|
|
正题名:像美国孩子那样说英语
索取号:G612.3/1278
 
预约/预借
| 序号 | 登录号 | 条形码 | 馆藏地/架位号 | 状态 | 备注 |
| 1 | 1261822 | 212618229 | 第一样本阅览室/ [索取号:G612.3/1278] | 在馆 | |
| 2 | 1261823 | 212618238 | 教育系资料室/ [索取号:G612.3/1278] | 在馆 | |
| 3 | 1261824 | 212618247 | 教育系资料室/ [索取号:G612.3/1278] | 在馆 | |
| 4 | 1261825 | 212618256 | 第四借阅区/ [索取号:G612.3/1278] | 在馆 |